000 00436nam a2200181Ia 4500
005 20250603145818.0
008 250603s9999 xx 000 0 und d
020 _a9781439846360
050 _aTK 5105 .I26/
100 _aIannone, Eugenio
245 0 _aTelecommunication networks
260 _a New York
260 _bCRC Press Taylor & Francis Group
260 _c2020
300 _a680 p
650 _a New York
942 _cBK
999 _c42929
_d42929